LEADER 01794nam a2200397 u 4500 001 000000008154 003 CaOOAMICUS 005 20070226105049.0 008 940610s1993 it f u000 u ita u 020 $a8802047529 035 $a10210183 040 $aPUL(R)$bita 041 1 $aita$alat 100 1 $aTerentius Afer, Publius,$dc. 195-159 a.C.$0(OLS)http://pul/name/8156 240 10$aOpere$9(Terentius Afer, Publius, c. 195-159 a.C.).$lItaliano e latino.$0(OLS)http://pul/title/11906 245 10$aCommedie di Publio Terenzio Afro /$ca cura di Orazio Bianco. 260 $aTorino :$bUnione Tipografico-Editrice Torinese,$c1993. 300 $a906 p. :$btav. ;$c24 cm 490 1 $aClassici latini 490 1 $aClassici UTET 500 $aTesto latino a fronte. 500 $a"Nota biografica": p. [149]-150. 500 $a"Vita di Terenzio" / Suetonio: p. [151]-163. 504 $aBibliografia: p. [33]-77. 505 0 $aAndria - Il punitore di se stesso - Eunuco - Formione - La suocera - I due fratelli. 700 1 $aBianco, Orazio.$0(OLS)http://pul/name/8157 700 12$aSuetonius Tranquillus, Caius,$df. sec. I-II$tVita Terenti.$0(OLS)http://pul/name/8158 830 0$aClassici UTET.$0(OLS)http://pul/title/1243 830 0$aClassici latini (UTET).$0(OLS)http://pul/title/2304 850 $aPUL 852 $aPUL$W1$xDP1 Cons. Gen., Altre Classi 1$y22$m844 F 9$j184751$qStampati$B187945$CPULBib$Z2$F187945 $H73022 $82 900 $aTerenzio Afro, Publio,$dc. 195-159 a.C.$98156 941 1 $a8 996 $6020$a8802047529$9(OLS)http://pul/number/10514 996 $6245$aCommedie di Publio Terenzio Afro$9(OLS)http://pul/title/11907 996 $6260$aTorino :$bUnione Tipografico-Editrice Torinese$9(OLS)http://pul/publisher/48798 LEADER 01959nam a2200397 a 4500 001 000000138732 003 CaOOAMICUS 005 20240220103747.0 008 140610s2014 quc 000 0 eng r 020 $a978-2-89689-061-3 032 $aLibriCat 040 $aPUL$bita 041 1 $aeng$hspa 082 04$a262.9 100 1 $aPortillo y Diez de Sollano, Alvaro del,$cbeato,$d1914-1994.$0(OLS)http://pul/name/18991 245 10$aFaithful and laity in the Church :$bthe bases of their juridical status /$cAlvaro del Portillo ; foreword by cardinal Julian Herranz ; translated from the 1st original Spanish edition by Leo Hickey ; second English edition, updated with the 3rd Spanish edition edited by Paul Hayward and William Daniel. 260 $aMontreal :$bWilson & Lafleur,$c2014. 300 $axxviii, 256 p. ;$c24 cm 490 1 $aGratianus series.$aSection monographs 500 $aBibliografia p. [97]-106. 650 4$aFede$ySec. XXI.$0(OLS)http://pul/subject/39256 650 4$aLaicità.$0(OLS)http://pul/subject/38693 700 1 $aHerranz, Julián,$csac.$0(OLS)http://pul/name/7735 700 1 $aHickey, Leo.$0(OLS)http://pul/name/89469 700 1 $aHayward, Paul.$0(OLS)http://pul/name/71135 700 1 $aDaniel, William,$cS.I.$0(OLS)http://pul/name/41226 830 0$aGratianus series.$pSection monographs.$0(OLS)http://pul/title/147348 850 $aPUL 852 $aPUL$W1$xSL Diritto Canonico 3$y77$m262. 9 COLL 3.6.8$j160138$qDDC 21$B159593$CPULBib$Z2$F159593 $H124199 $82 941 1 $a9 983 0$aCollection Gratianus. 996 $6020$a978-2-89689-061-3$9(OLS)http://pul/number/155468 996 $6082$a262.9$9(OLS)http://pul/classification/369 996 $6245$aFaithful and laity in the Church :$bthe bases of their juridical status$9(OLS)http://pul/title/175638 996 $6260$aMontreal :$bWilson & Lafleur$9(OLS)http://pul/publisher/79541